[Event "Lindores Abbey Tal Blitz 2021"]
[Site "Riga"]
[Date "2021.11.08"]
[Round "4.44"]
[White "Ter-Sahakyan, Samvel"]
[Black "Garifullina, Leya"]
[Result "1-0"]
[WhiteElo "2615"]
[BlackElo "2416"]
[Annotator "TA"]
[PlyCount "55"]
[EventDate "2021.11.02"]
[EventType "swiss"]
[EventCountry "LAT"]
[SourceTitle "playchess.com"]
[Source "ChessBase"]
[SourceQuality "1"]

1. e4 c5 2. Nf3 d6 3. d4 cxd4 4. Nxd4 Nf6 5. Nc3 a6 6. Be3 e5 7. Nb3 Be6 8. f3
h5 9. Nd5 Bxd5 10. exd5 Nbd7 11. Qd2 g6 12. Be2 Bg7 13. O-O-O O-O 14. Kb1 b5
15. Qa5 Qc8 16. c4 bxc4 17. Rc1 Qb7 18. Bxc4 e4 19. Rhd1 exf3 20. gxf3 Ne5 21.
Be2 Qd7 22. Ka1 Qh3 23. Bf4 Qg2 24. Qd2 Nxf3 25. Bxf3 Qxf3 26. Nd4 Qxd5 27. Nc6
Qxc6 28. Rxc6 1-0

[Event "Lindores Abbey Tal Blitz 2021"]
[Site "Riga"]
[Date "2021.11.08"]
[Round "4.45"]
[White "Fedoseev, Vladimir"]
[Black "Vantika Agrawal"]
[Result "1-0"]
[WhiteElo "2704"]
[BlackElo "2329"]
[Annotator "TA"]
[PlyCount "115"]
[EventDate "2021.11.02"]
[EventType "swiss"]
[EventCountry "LAT"]
[SourceTitle "playchess.com"]
[Source "ChessBase"]
[SourceQuality "1"]

1. e4 c5 2. h3 d6 3. Bb5+ Nd7 4. c4 a6 5. Ba4 Ngf6 6. Nc3 e6 7. Nge2 Be7 8. O-O
O-O 9. d3 Qc7 10. f4 b6 11. g4 Bb7 12. g5 Nh5 13. Qe1 f6 14. Qh4 g6 15. Qg4 f5
16. Qg2 Bc6 17. Bxc6 Qxc6 18. Be3 Ng7 19. b3 b5 20. d4 fxe4 21. d5 exd5 22.
Nxd5 Rae8 23. Qxe4 Kh8 24. Qg2 Bd8 25. Bd2 b4 26. a3 a5 27. Bc1 Nb6 28. axb4
Nxd5 29. cxd5 Qb5 30. Ng3 cxb4 31. Bb2 Kg8 32. Bxg7 Kxg7 33. f5 Bxg5 34. fxg6
hxg6 35. Nf5+ Rxf5 36. Rxf5 Be3+ 37. Kh1 Qd3 38. Raf1 Re7 39. Rf6 Bd4 40. Rxd6
Re3 41. Qg4 Rxh3+ 42. Kg2 Re3 43. Rd7+ Kg8 44. Rd8+ Kg7 45. Rd7+ Kg8 46. Rf2
Re8 47. Qf4 Qe4+ 48. Qxe4 Rxe4 49. Ra2 Re3 50. Rxa5 Bg7 51. Ra8+ Kh7 52. Raa7
Rxb3 53. Rxg7+ Kh6 54. Rgb7 Rd3 55. Ra5 b3 56. Rab5 b2 57. Rxb2 Rxd5 58. Kf3
1-0

[Event "Lindores Abbey Tal Blitz 2021"]
[Site "Riga"]
[Date "2021.11.08"]
[Round "4.46"]
[White "Swiercz, Dariusz"]
[Black "Batsiashvili, Nino"]
[Result "1-0"]
[WhiteElo "2647"]
[BlackElo "2491"]
[Annotator "ChessBase"]
[PlyCount "49"]
[EventDate "2021.11.02"]
[EventType "swiss"]
[EventCountry "LAT"]
[SourceTitle "playchess.com"]
[Source "ChessBase"]
[SourceQuality "1"]

1. e4 e5 2. Nf3 Nc6 3. Bb5 a6 4. Ba4 Nf6 5. d3 Bc5 6. c3 Ba7 7. O-O d6 8. Be3
Bxe3 9. fxe3 O-O 10. Nbd2 Ne7 11. Nh4 d5 12. Rxf6 gxf6 13. Qh5 Kh8 14. Rf1 Ng6
15. exd5 f5 16. Nxf5 Bxf5 17. Qxf5 Qxd5 18. Qf6+ Kg8 19. Bb3 Qd7 20. Ne4 Rad8
21. Ng5 Nh8 22. Qh6 Qxd3 23. e4 Rfe8 24. Qxh7+ Kf8 25. Rxf7+ 1-0

[Event "Lindores Abbey Tal Blitz 2021"]
[Site "Riga"]
[Date "2021.11.08"]
[Round "4.47"]
[White "Munguntuul, Batkhuyag"]
[Black "Neiksans, Arturs"]
[Result "1-0"]
[WhiteElo "2433"]
[BlackElo "2575"]
[Annotator "ChessBase"]
[PlyCount "91"]
[EventDate "2021.11.02"]
[EventType "swiss"]
[EventCountry "LAT"]
[SourceTitle "playchess.com"]
[Source "ChessBase"]
[SourceQuality "1"]

1. e4 c5 2. Nf3 e6 3. d4 cxd4 4. Nxd4 Nc6 5. Nc3 Qc7 6. Be3 a6 7. Be2 Nf6 8.
O-O Bb4 9. Na4 Be7 10. Nxc6 bxc6 11. Nb6 Rb8 12. Nxc8 Qxc8 13. e5 Nd5 14. Bc1
Bc5 15. c4 Ne7 16. b3 Ng6 17. Bb2 Qc7 18. Qd2 O-O 19. Qc3 Bb4 20. Qd4 Be7 21.
Rad1 Rfd8 22. Bh5 a5 23. Rd3 a4 24. Rfd1 axb3 25. axb3 Bf8 26. Bxg6 fxg6 27.
Qg4 Qa5 28. h4 Rb7 29. h5 gxh5 30. Qxh5 d5 31. Qg4 Re8 32. cxd5 cxd5 33. Bd4
Rf7 34. Rh3 Qa2 35. Rdd3 Qa6 36. Kh2 Qb7 37. Rxh7 Kxh7 38. Qh5+ Kg8 39. Rh3 Rf4
40. Qxe8 Rxd4 41. Qxe6+ Qf7 42. Rh8+ Kxh8 43. Qxf7 Bb4 44. e6 Re4 45. Qh5+ Kg8
46. Qxd5 1-0

[Event "Lindores Abbey Tal Blitz 2021"]
[Site "Riga"]
[Date "2021.11.08"]
[Round "4.48"]
[White "Tabatabaei, M. Amin"]
[Black "Maltsevskaya, Aleksandra"]
[Result "1-0"]
[WhiteElo "2639"]
[BlackElo "2411"]
[Annotator "ChessBase"]
[PlyCount "177"]
[EventDate "2021.11.02"]
[EventType "swiss"]
[EventCountry "LAT"]
[SourceTitle "playchess.com"]
[Source "ChessBase"]
[SourceQuality "1"]

1. d4 Nf6 2. Nf3 g6 3. Nc3 d5 4. Bf4 Bg7 5. Nb5 Na6 6. e3 c6 7. Nc3 Nc7 8. h3
O-O 9. Bd3 c5 10. O-O c4 11. Be2 Bf5 12. Ne5 Nd7 13. Nxd7 Qxd7 14. Bxc7 Qxc7
15. Nxd5 Qd7 16. Bxc4 b5 17. Bb3 Rfc8 18. c3 Be4 19. Nf4 Qb7 20. Qg4 a5 21. a3
Bf5 22. Qg3 Be4 23. f3 Bc6 24. Nd3 Bd5 25. Bxd5 Qxd5 26. e4 Qb3 27. Qf2 Rd8 28.
Rfd1 b4 29. axb4 axb4 30. Nxb4 Rxa1 31. Rxa1 Bxd4 32. cxd4 Qxb4 33. d5 Rb8 34.
Ra7 Kf8 35. Kh2 Qxb2 36. Qxb2 Rxb2 37. h4 h5 38. Kg3 Re2 39. Rc7 Rd2 40. Kh3
Re2 41. Rc1 Kg7 42. Kg3 Kf6 43. Rc6+ Kg7 44. Rb6 Rd2 45. Rb3 Kf6 46. f4 Re2 47.
Kf3 Rd2 48. g3 Rd1 49. Ke3 Re1+ 50. Kd4 Rd1+ 51. Rd3 Rc1 52. Rc3 Rd1+ 53. Ke3
Re1+ 54. Kf3 Rd1 55. Rc6+ Kg7 56. Rc3 Kf6 57. Rb3 Kg7 58. Ke2 Rd4 59. Ke3 Rd1
60. Rd3 Re1+ 61. Kf3 Ra1 62. e5 Ra7 63. g4 hxg4+ 64. Kxg4 Rd7 65. h5 gxh5+ 66.
Kxh5 Rd8 67. Kg5 f6+ 68. Kf5 fxe5 69. fxe5 Kf7 70. e6+ Kf8 71. Kg6 Ra8 72. Rb3
Ke8 73. Rb7 Rd8 74. Rb5 Ra8 75. Kg7 Rd8 76. Rc5 Rb8 77. Rc2 Kd8 78. Kf7 Rb3 79.
Rf2 Rd3 80. Rf5 Rd4 81. Kf8 Rd3 82. Rf7 Rxd5 83. Rxe7 Re5 84. Rd7+ Kc8 85. Ke7
Rh5 86. Rd1 Rh7+ 87. Kf6 Rh6+ 88. Kf7 Rh7+ 89. Kg6 1-0

[Event "Lindores Abbey Tal Blitz 2021"]
[Site "Riga"]
[Date "2021.11.08"]
[Round "4.49"]
[White "Girya, Olga"]
[Black "Rakhmanov, Aleksandr"]
[Result "0-1"]
[WhiteElo "2402"]
[BlackElo "2650"]
[Annotator "ChessBase"]
[PlyCount "100"]
[EventDate "2021.11.02"]
[EventType "swiss"]
[EventCountry "LAT"]
[SourceTitle "playchess.com"]
[Source "ChessBase"]
[SourceQuality "1"]

1. d4 Nf6 2. c4 d6 3. Nc3 e5 4. Nf3 e4 5. Nd2 Bf5 6. Qb3 b6 7. h3 h5 8. e3 c6
9. g3 Be7 10. Bg2 d5 11. Qa4 O-O 12. O-O a6 13. cxd5 cxd5 14. Qc2 Qd7 15. Kh2
Nc6 16. a3 Rac8 17. Nb3 Bd6 18. Qd1 g6 19. Ne2 Kg7 20. h4 a5 21. Bd2 Nd8 22.
Rc1 Ne6 23. Nf4 a4 24. Rxc8 Rxc8 25. Nc1 Bg4 26. Qe1 Bf3 27. Nce2 Bxf4 28. Nxf4
Ng4+ 29. Kg1 Nxf4 30. exf4 Bxg2 31. Kxg2 Qb5 32. Bc3 Qd3 33. Qd1 Qc4 34. Qd2
Re8 35. Re1 b5 36. Qe2 Nh6 37. Qxc4 bxc4 38. Re2 Nf5 39. Kg1 Rb8 40. Kg2 Kf6
41. Kf1 Ne7 42. Ke1 Nf5 43. Kd2 Rb3 44. Kc2 Nd6 45. Kd2 Nb5 46. Kc2 Kf5 47. Re1
Kg4 48. Re3 Kh3 49. f3 exf3 50. Rxf3 Nxd4+ 0-1

[Event "Lindores Abbey Tal Blitz 2021"]
[Site "Riga"]
[Date "2021.11.08"]
[Round "4.50"]
[White "Zhu, Jiner"]
[Black "Sasikiran, Krishnan"]
[Result "0-1"]
[WhiteElo "2455"]
[BlackElo "2640"]
[Annotator "ChessBase"]
[PlyCount "96"]
[EventDate "2021.11.02"]
[EventType "swiss"]
[EventCountry "LAT"]
[SourceTitle "playchess.com"]
[Source "ChessBase"]
[SourceQuality "1"]

1. e4 c5 2. Nf3 Nc6 3. d4 cxd4 4. Nxd4 Nf6 5. Nc3 d6 6. Bg5 e6 7. Qd2 a6 8.
O-O-O Bd7 9. f4 Be7 10. Kb1 b5 11. Bxf6 gxf6 12. Nxc6 Bxc6 13. Bd3 Qb6 14. f5
b4 15. Ne2 e5 16. Ng3 h5 17. Rhe1 Qc5 18. b3 Bb5 19. Bxb5+ axb5 20. Qd5 Qa7 21.
Qxb5+ Kf8 22. a4 bxa3 23. Ka2 Rc8 24. Re2 Kg7 25. Qd3 Qa5 26. Qf3 Rc3 27. Rd3
Rhc8 28. Nxh5+ Kf8 29. Rxc3 Rxc3 30. Qg4 Qc5 31. Qg7+ Ke8 32. Qg8+ Kd7 33. Qxf7
Rxc2+ 34. Rxc2 Qxc2+ 35. Kxa3 d5+ 36. Ka4 Qa2+ 37. Kb5 Qxb3+ 38. Ka5 Qb4+ 39.
Ka6 Qc4+ 40. Kb7 Qc6+ 41. Ka7 dxe4 42. Ng7 e3 43. Qe8+ Kd6 44. Qf7 Qd7+ 45. Kb6
Qc7+ 46. Ka6 Qc8+ 47. Kb5 Qb7+ 48. Ka5 Bd8+ 0-1

[Event "Lindores Abbey Tal Blitz 2021"]
[Site "Riga"]
[Date "2021.11.08"]
[Round "4.51"]
[White "Morovic Fernandez, Ivan"]
[Black "Budisavljevic, Luka"]
[Result "1-0"]
[WhiteElo "2510"]
[BlackElo "2511"]
[Annotator "ChessBase"]
[PlyCount "53"]
[EventDate "2021.11.02"]
[EventType "swiss"]
[EventCountry "LAT"]
[SourceTitle "playchess.com"]
[Source "ChessBase"]
[SourceQuality "1"]

1. e4 c5 2. Nf3 a6 3. c3 d5 4. exd5 Qxd5 5. d4 Nf6 6. Be2 e6 7. O-O Be7 8. Be3
cxd4 9. cxd4 O-O 10. Nc3 Qd6 11. Qd2 Nc6 12. Rfd1 b5 13. Bf4 Qd8 14. Ne5 Bb7
15. Bf3 Qb6 16. Be3 Qc7 17. Bxc6 Bxc6 18. Rac1 Bb7 19. Nxb5 Qb6 20. Nc7 Rad8
21. d5 Qd6 22. Bc5 Qxe5 23. Bxe7 Nxd5 24. Bxf8 Nf4 25. Qxd8 Nh3+ 26. gxh3 Qg5+
27. Qxg5 1-0

[Event "Lindores Abbey Tal Blitz 2021"]
[Site "Riga"]
[Date "2021.11.08"]
[Round "4.53"]
[White "Sethuraman, S.P.."]
[Black "Atalik, Ekaterina"]
[Result "1-0"]
[WhiteElo "2620"]
[BlackElo "2430"]
[Annotator "ChessBase"]
[PlyCount "60"]
[EventDate "2021.11.02"]
[EventType "swiss"]
[EventCountry "LAT"]
[SourceTitle "playchess.com"]
[Source "ChessBase"]
[SourceQuality "1"]

1. b3 e5 2. Bb2 Nc6 3. c4 g6 4. e3 Bg7 5. Nf3 Nge7 6. Be2 O-O 7. d4 exd4 8.
Nxd4 Nxd4 9. Bxd4 Bxd4 10. Qxd4 d5 11. O-O dxc4 12. Qxc4 Be6 13. Qc2 Qd6 14.
Nc3 c6 15. Rad1 Qe5 16. Rd2 Nd5 17. Na4 Rad8 18. Rfd1 Qc7 19. Nc5 Bc8 20. Bf3
Ne7 21. Qc3 Rxd2 22. Qxd2 Qe5 23. b4 b6 24. Nd7 Bxd7 25. Qxd7 a5 26. bxa5 bxa5
27. g3 Rb8 28. Rd2 Kg7 29. Kg2 Rb6 30. Qa7 Ng8 1-0

[Event "Lindores Abbey Tal Blitz 2021"]
[Site "Riga"]
[Date "2021.11.08"]
[Round "4.54"]
[White "Gunina, Valentina"]
[Black "Bivol, Alina"]
[Result "1-0"]
[WhiteElo "2480"]
[BlackElo "2377"]
[Annotator "ChessBase"]
[PlyCount "121"]
[EventDate "2021.11.02"]
[EventType "swiss"]
[EventCountry "LAT"]
[SourceTitle "playchess.com"]
[Source "ChessBase"]
[SourceQuality "1"]

1. d4 d5 2. c4 e6 3. Nf3 Nf6 4. Nc3 Be7 5. Bg5 O-O 6. e3 h6 7. Bh4 dxc4 8. Bxc4
c5 9. dxc5 Qa5 10. O-O Qxc5 11. Qe2 Nc6 12. Rac1 Qa5 13. e4 e5 14. Nd5 Nxd5 15.
exd5 Nd4 16. Nxd4 Bxh4 17. Qxe5 Bf6 18. Qe4 Bd7 19. Bd3 g6 20. Ne6 Rfe8 21. Qf4
Bxe6 22. Qxf6 Bxd5 23. Bxg6 Qb6 24. Bh7+ Kxh7 25. Qf5+ Kh8 26. Qxd5 Re7 27. b3
Rg8 28. Rc3 Qe6 29. Qxe6 Rxe6 30. Rc7 Re2 31. Rxf7 Rxa2 32. Rxb7 a5 33. g3 Rf8
34. Kg2 Rb2 35. Rb5 Kh7 36. Rxa5 Rxb3 37. Ra2 Rf7 38. Re1 Rb5 39. Re6 Rbf5 40.
Rae2 Rf8 41. R6e5 Rf3 42. R5e3 R3f5 43. f4 h5 44. Re5 h4 45. Rxf5 Rxf5 46. Kh3
hxg3 47. hxg3 Rb5 48. Kg4 Kg6 49. Re6+ Kf7 50. Re5 Rb3 51. Kh4 Rf3 52. Ra5 Kf6
53. Kg4 Rb3 54. Ra6+ Kf7 55. f5 Kg7 56. Kf4 Kf7 57. g4 Rb4+ 58. Kg5 Rc4 59.
Ra7+ Kf8 60. f6 Kg8 61. Kf5 1-0

[Event "Lindores Abbey Tal Blitz 2021"]
[Site "Riga"]
[Date "2021.11.08"]
[Round "4.55"]
[White "Zawadzka, Jolanta"]
[Black "Arabidze, Meri"]
[Result "0-1"]
[WhiteElo "2429"]
[BlackElo "2441"]
[Annotator "NA"]
[PlyCount "94"]
[EventDate "2021.11.02"]
[EventType "swiss"]
[EventCountry "LAT"]
[SourceTitle "playchess.com"]
[Source "ChessBase"]
[SourceQuality "1"]

1. e4 c5 2. Nf3 e6 3. c4 Nc6 4. d4 cxd4 5. Nxd4 Nf6 6. Nc3 Bb4 7. Nxc6 bxc6 8.
Bd3 e5 9. O-O O-O 10. Qc2 d6 11. h3 Bc5 12. b3 Bd4 13. Bb2 Nh5 14. Ne2 c5 15.
Kh2 Qg5 16. Bxd4 cxd4 17. g3 Nf6 18. f4 Qh5 19. f5 Ng4+ 20. Kg1 Qxh3 21. Rf2
Nxf2 22. Kxf2 Qh2+ 23. Kf3 g6 24. Rg1 Qh6 25. Kg2 Bb7 26. f6 Qg5 27. Rf1 Rae8
28. Ng1 Bc8 29. Qe2 Bg4 30. Qe1 Re6 31. Qf2 h5 32. Nh3 Bxh3+ 33. Kxh3 Kh7 34.
Qf3 Rh8 35. Kg2 Kg8 36. Rf2 h4 37. g4 h3+ 38. Kh2 Rh4 39. Be2 Qf4+ 40. Qxf4
exf4 41. Rxf4 g5 42. Rf5 Rxe4 43. Bf3 Re3 44. Rxg5+ Kf8 45. Rb5 Kg8 46. Kg3 h2
47. Kxh4 Rxf3 0-1

[Event "Lindores Abbey Tal Blitz 2021"]
[Site "Riga"]
[Date "2021.11.08"]
[Round "4.56"]
[White "Tregubov, Pavel V."]
[Black "Socko, Monika"]
[Result "1/2-1/2"]
[WhiteElo "2537"]
[BlackElo "2393"]
[Annotator "ChessBase"]
[PlyCount "115"]
[EventDate "2021.11.02"]
[EventType "swiss"]
[EventCountry "LAT"]
[SourceTitle "playchess.com"]
[Source "ChessBase"]
[SourceQuality "1"]

1. e4 e6 2. d4 d5 3. exd5 exd5 4. Nf3 Bg4 5. h3 Bh5 6. Qe2+ Qe7 7. Be3 Nc6 8.
Nc3 Nf6 9. g4 Bg6 10. O-O-O O-O-O 11. Bg2 Ne4 12. Nxe4 Bxe4 13. Bf4 Qb4 14. Qe3
Qa4 15. Qb3 Qxb3 16. axb3 Bd6 17. Be3 Rhf8 18. Rhg1 f5 19. gxf5 Bxf5 20. c3 Rd7
21. b4 a6 22. Ne1 Ne7 23. Nd3 c6 24. Nc5 Bxc5 25. bxc5 Ng6 26. Bf1 Be4 27. Rg3
Rdf7 28. Be2 Kc7 29. Rdg1 Bf5 30. h4 Nxh4 31. Rxg7 Ng6 32. Rxf7+ Rxf7 33. Rh1
Be4 34. Rh6 Kd7 35. c4 dxc4 36. Bxc4 Bd5 37. Bd3 Nf8 38. Kd2 Be6 39. f4 Bf5 40.
Bc4 Be6 41. Be2 Ng6 42. Bd3 Nxf4 43. Bxh7 Nd5 44. Bg8 Nxe3 45. Kxe3 Re7 46.
Bxe6+ Rxe6+ 47. Rxe6 Kxe6 48. Ke4 Kd7 49. Ke5 Ke7 50. Kf5 a5 51. b3 Kf7 52. Ke5
Ke7 53. d5 cxd5 54. Kxd5 Kd7 55. Kd4 Kc7 56. Kd5 Kd7 57. Kd4 Kc7 58. Ke4
1/2-1/2

[Event "Lindores Abbey Tal Blitz 2021"]
[Site "Riga"]
[Date "2021.11.08"]
[Round "4.57"]
[White "Badelka, Olga"]
[Black "Cori T., Deysi"]
[Result "1-0"]
[WhiteElo "2438"]
[BlackElo "2396"]
[Annotator "NA"]
[PlyCount "195"]
[EventDate "2021.11.02"]
[EventType "swiss"]
[EventCountry "LAT"]
[SourceTitle "playchess.com"]
[Source "ChessBase"]
[SourceQuality "1"]

1. c4 Nf6 2. Nc3 d6 3. d4 g6 4. g3 Bg7 5. Bg2 O-O 6. Nf3 c6 7. O-O Bg4 8. b3
Nfd7 9. Bb2 a5 10. h3 Bxf3 11. Bxf3 e5 12. dxe5 Nxe5 13. Bg2 f5 14. Qd2 Na6 15.
Rad1 Nf7 16. e4 f4 17. gxf4 Qh4 18. Ne2 Bxb2 19. Qxb2 Rae8 20. Qd4 Nc5 21. e5
Ne6 22. Qe3 Ng7 23. Qg3 Nf5 24. Qxh4 Nxh4 25. Ng3 dxe5 26. fxe5 Rxe5 27. Rd7
Nxg2 28. Kxg2 b5 29. cxb5 cxb5 30. Rfd1 h5 31. R1d5 Rfe8 32. Rxe5 Rxe5 33. Ra7
b4 34. Nf1 Rg5+ 35. Kf3 Rf5+ 36. Ke2 Ng5 37. Ne3 Re5 38. f4 Rc5 39. fxg5 Rxg5
40. Kf3 h4 41. Ng4 Rf5+ 42. Kg2 Rc5 43. Ne3 Rc3 44. Nc4 Rc2+ 45. Kf3 Rxa2 46.
Rxa5 Rc2 47. Ra8+ Kg7 48. Na5 Rh2 49. Kg4 Rg2+ 50. Kxh4 Kh6 51. Ra6 Ra2 52. Kg3
Rc2 53. Rb6 Ra2 54. Rb5 Ra3 55. Kg4 Ra2 56. Nc4 Rg2+ 57. Kf3 Rh2 58. Kg3 Rc2
59. Rxb4 Kg5 60. Rb5+ Kf6 61. Rb6+ Kg5 62. Ne5 Kf5 63. Nf3 Rc3 64. b4 Rb3 65.
Rb8 Ke4 66. Rf8 g5 67. Re8+ Kf5 68. Re5+ Kf6 69. Rb5 Rd3 70. Rxg5 Rb3 71. Rb5
Re3 72. Rb8 Rb3 73. b5 Kf5 74. Kg2 Kf4 75. Ng1 Rb2+ 76. Kf1 Ke3 77. b6 Rf2+ 78.
Ke1 Rb2 79. Re8+ Kf4 80. Re6 Kg3 81. Rg6+ Kh2 82. Ne2 Kxh3 83. Kf2 Kh4 84. Ke3
Kh5 85. Rc6 Kg5 86. Nc3 Rb3 87. Kd4 Kf4 88. Nd5+ Kf5 89. Rf6+ Kg5 90. Rf1 Kg6
91. Kc5 Rb2 92. Kc6 Rc2+ 93. Kb7 Rc5 94. Nc7 Kg7 95. Na6 Rc4 96. Kb8 Kg6 97. b7
Kg7 98. Ka7 1-0

[Event "Lindores Abbey Tal Blitz 2021"]
[Site "Riga"]
[Date "2021.11.08"]
[Round "4.58"]
[White "Martynov, Aleksandr"]
[Black "Rakotomaharo, Fy Antenaina"]
[Result "0-1"]
[WhiteElo "1648"]
[BlackElo "2487"]
[Annotator "ChessBase"]
[PlyCount "106"]
[EventDate "2021.11.02"]
[EventType "swiss"]
[EventCountry "LAT"]
[SourceTitle "playchess.com"]
[Source "ChessBase"]
[SourceQuality "1"]

1. d4 Nf6 2. Nf3 g6 3. g3 Bg7 4. Bg2 d5 5. O-O O-O 6. Re1 a5 7. c3 a4 8. a3 Bf5
9. Nbd2 c6 10. Ne5 Nbd7 11. Nxd7 Qxd7 12. e4 dxe4 13. Nxe4 Nxe4 14. Bxe4 Be6
15. Be3 Bb3 16. Bc2 Bxc2 17. Qxc2 h5 18. h4 Rfe8 19. Rad1 Qg4 20. Bf4 Bf6 21.
Qe2 Qf5 22. Qe4 Qb5 23. Rd2 Rad8 24. Qe2 Qb3 25. Be5 Bxe5 26. Qxe5 Rd5 27. Qc7
Kf8 28. Rde2 e6 29. Qf4 Rf5 30. Qd6+ Kg8 31. Qd7 Rf8 32. Kg2 Qd5+ 33. Qxd5 Rxd5
34. Re5 Ra8 35. Rxd5 cxd5 36. Kf3 Kf8 37. g4 hxg4+ 38. Kxg4 Ke7 39. Re2 Rh8 40.
f3 Kd6 41. Kg5 Rh5+ 42. Kg4 Kc6 43. Re5 Rh8 44. h5 gxh5+ 45. Rxh5 Rg8+ 46. Rg5
Rf8 47. Kf4 Kd6 48. Rg7 Ke7 49. Ke5 Rh8 50. Rg2 Rh4 51. Rg7 Rh2 52. f4 Rh5+ 53.
Rg5 f6# 0-1

[Event "Lindores Abbey Tal Blitz 2021"]
[Site "Riga"]
[Date "2021.11.08"]
[Round "4.59"]
[White "Eizaguerri Floris, Maria"]
[Black "Muzychuk, Mariya"]
[Result "1/2-1/2"]
[WhiteElo "2328"]
[BlackElo "2536"]
[Annotator "ChessBase"]
[PlyCount "95"]
[EventDate "2021.11.02"]
[EventType "swiss"]
[EventCountry "LAT"]
[SourceTitle "playchess.com"]
[Source "ChessBase"]
[SourceQuality "1"]

1. e4 c5 2. Nf3 e6 3. c3 d5 4. exd5 Qxd5 5. d4 Nf6 6. Be2 Nc6 7. O-O Be7 8. Na3
cxd4 9. Nb5 Qd8 10. Nbxd4 Nxd4 11. Qxd4 O-O 12. Bf4 Nd5 13. Bg3 Bf6 14. Qd1 b6
15. Qb3 Bb7 16. Rad1 Qc8 17. Nd4 Ne7 18. Bf3 Bxf3 19. Nxf3 Nf5 20. Be5 Bxe5 21.
Nxe5 Qc7 22. Qb5 Rfd8 23. Qe2 h6 24. h3 Rxd1 25. Rxd1 Rd8 26. Rxd8+ Qxd8 27.
Qd3 Qc7 28. Nf3 g6 29. Qb5 Qd6 30. Qe2 Qd5 31. a3 a5 32. Nd2 Nd6 33. Nf1 Kg7
34. Ne3 Qe4 35. Qd2 Nc4 36. Nxc4 Qxc4 37. Qe3 Qb5 38. b4 a4 39. Qd4+ e5 40. Qd1
Qc6 41. Qe1 f6 42. Qe3 h5 43. g3 b5 44. Qa7+ Kh6 45. Qe3+ Kg7 46. Qa7+ Kh6 47.
Qe3+ Kg7 48. Qa7+ 1/2-1/2

[Event "Lindores Abbey Tal Blitz 2021"]
[Site "Riga"]
[Date "2021.11.08"]
[Round "4.60"]
[White "Golsta, Madara"]
[Black "Sukandar, Irine Kharisma"]
[Result "1-0"]
[WhiteElo "2003"]
[BlackElo "2406"]
[Annotator "NA"]
[PlyCount "115"]
[EventDate "2021.11.02"]
[EventType "swiss"]
[EventCountry "LAT"]
[SourceTitle "playchess.com"]
[Source "ChessBase"]
[SourceQuality "1"]

1. e4 e5 2. Nf3 d6 3. d4 exd4 4. Nxd4 Nf6 5. Nc3 Be7 6. Bc4 O-O 7. O-O Nxe4 8.
Nxe4 d5 9. Bd3 dxe4 10. Bxe4 f5 11. Bf3 Bf6 12. c3 a6 13. Be3 f4 14. Bc1 c5 15.
Qb3+ Kh8 16. Ne6 Bxe6 17. Qxe6 Qc7 18. Be4 Be5 19. Qh3 h6 20. Qh5 Nd7 21. Qg6
Nf6 22. Bc2 Qf7 23. Qf5 Qh5 24. Qxh5 Nxh5 25. Bg6 Nf6 26. Re1 Rad8 27. g3 fxg3
28. hxg3 Bb8 29. Kg2 Ng4 30. f3 Ne5 31. Be4 Nd3 32. Re2 b5 33. Be3 c4 34. Rh1
Kg8 35. b3 Be5 36. Bd2 Bf6 37. Rh5 cxb3 38. axb3 Ne5 39. Bf4 Nf7 40. Rc5 Ng5
41. Bd5+ Kh8 42. c4 b4 43. Rc6 a5 44. Ra6 Rde8 45. Rxe8 Rxe8 46. Rxa5 Re2+ 47.
Kf1 Rb2 48. c5 Rb1+ 49. Ke2 Rb2+ 50. Kd1 Rb1+ 51. Bc1 Nh3 52. Ra8+ Kh7 53. Be4+
g6 54. Bxb1 Nf2+ 55. Ke2 Nh3 56. c6 Be5 57. c7 Bxc7 58. Ra7 1-0

[Event "Lindores Abbey Tal Blitz 2021"]
[Site "Riga"]
[Date "2021.11.08"]
[Round "5.1"]
[White "Kovalenko, Igor"]
[Black "Mamedov, Rauf"]
[Result "0-1"]
[WhiteElo "2668"]
[BlackElo "2673"]
[Annotator "ChessBase"]
[PlyCount "103"]
[EventDate "2021.11.02"]
[EventType "swiss"]
[EventCountry "LAT"]
[SourceTitle "playchess.com"]
[Source "ChessBase"]
[SourceQuality "1"]

1. e4 c5 2. Nf3 d6 3. d4 Nf6 4. Nc3 cxd4 5. Nxd4 g6 6. Bc4 Bg7 7. O-O O-O 8.
Re1 Nc6 9. Bb3 Nxd4 10. Qxd4 Bd7 11. Bg5 Bc6 12. Qd2 a5 13. a4 Nd7 14. Be3 Nc5
15. Bxc5 dxc5 16. Qe3 Qd4 17. Qxd4 cxd4 18. Nd5 e6 19. Ne7+ Kh8 20. Nxc6 bxc6
21. Bc4 Rab8 22. Rab1 d3 23. c3 d2 24. Red1 Rfd8 25. Kf1 Bxc3 26. Ke2 Bb4 27.
b3 Kg7 28. Rb2 Rd4 29. f3 Rbd8 30. Rc2 c5 31. Bb5 f5 32. Rc4 Kf6 33. Rxd4 Rxd4
34. Bd3 Rd8 35. f4 Rd4 36. exf5 exf5 37. g3 Rd7 38. Bc4 Re7+ 39. Kf2 Re1 40.
Be2 Ke6 41. Ke3 h6 42. h4 Kf6 43. Kd3 g5 44. h5 g4 45. Ke3 Ke7 46. Kd3 Kd6 47.
Ke3 Kc6 48. Kd3 Kd5 49. Ke3 Rxe2+ 50. Kxe2 Ke4 51. Rb1 Kd4 52. Rd1 0-1

[Event "Lindores Abbey Tal Blitz 2021"]
[Site "Riga"]
[Date "2021.11.08"]
[Round "5.2"]
[White "Howell, David W L"]
[Black "Erigaisi Arjun"]
[Result "0-1"]
[WhiteElo "2648"]
[BlackElo "2627"]
[Annotator "ChessBase"]
[PlyCount "54"]
[EventDate "2021.11.02"]
[EventType "swiss"]
[EventCountry "LAT"]
[SourceTitle "playchess.com"]
[Source "ChessBase"]
[SourceQuality "1"]

1. c4 e6 2. Nf3 Nf6 3. Nc3 d5 4. e3 c6 5. b3 Bd6 6. Bb2 O-O 7. Qc2 e5 8. cxd5
cxd5 9. Nb5 Nc6 10. Nxd6 Qxd6 11. d4 Nb4 12. Qb1 Qc7 13. dxe5 Nc2+ 14. Kd1 Bf5
15. exf6 d4 16. exd4 Nxd4 17. Bxd4 Bxb1 18. Rxb1 Rfd8 19. Bd3 Rxd4 20. Nxd4 Qc3
21. Bc4 Qxd4+ 22. Kc2 Qxf2+ 23. Kc3 Qxf6+ 24. Kc2 b5 25. Bxb5 Qf5+ 26. Bd3 Rc8+
27. Kd2 Rd8 0-1

[Event "Lindores Abbey Tal Blitz 2021"]
[Site "Riga"]
[Date "2021.11.08"]
[Round "5.3"]
[White "Pichot, Alan"]
[Black "Martirosyan, Haik M."]
[Result "1/2-1/2"]
[WhiteElo "2630"]
[BlackElo "2624"]
[Annotator "ChessBase"]
[PlyCount "161"]
[EventDate "2021.11.02"]
[EventType "swiss"]
[EventCountry "LAT"]
[SourceTitle "playchess.com"]
[Source "ChessBase"]
[SourceQuality "1"]

1. e4 e5 2. Nf3 Nc6 3. Bb5 Nf6 4. d3 Bc5 5. c3 O-O 6. O-O d5 7. exd5 Qxd5 8.
Bc4 Qd8 9. Nbd2 Bf5 10. Qe2 Bd6 11. Ne4 Nxe4 12. dxe4 Bg4 13. h3 Bh5 14. Bg5
Bxf3 15. Qe3 Bc5 16. Bxd8 Bxe3 17. gxf3 Bxf2+ 18. Kxf2 Raxd8 19. Bd5 Ne7 20.
Rad1 c6 21. Bc4 Ng6 22. Ke3 Nf4 23. Rh1 g6 24. h4 Kg7 25. b4 Kf6 26. a4 Ke7 27.
a5 f6 28. b5 Rd6 29. Rxd6 Kxd6 30. Rd1+ Kc5 31. Bf1 cxb5 32. Rd7 Kc6 33. Rxh7
a6 34. Re7 Rd8 35. Rf7 Rd6 36. Rf8 b6 37. axb6 Kxb6 38. Rb8+ Kc7 39. Rf8 Kb7
40. Rf7+ Kb6 41. Rf8 Rc6 42. Kd2 Kc5 43. Rb8 Kd6 44. Rf8 Ke7 45. Rb8 Rd6+ 46.
Kc2 Kd7 47. Rb7+ Kc6 48. Rb8 Rd7 49. c4 bxc4 50. Bxc4 a5 51. Rf8 Kc5 52. Bb3
Rd6 53. Rc8+ Rc6 54. Rd8 Ne2 55. Kb2 Nd4 56. Bd5 Rb6+ 57. Kc3 Nxf3 58. Rc8+ Kd6
59. Rd8+ Ke7 60. Ra8 Nxh4 61. Kc4 Rd6 62. Kc5 g5 63. Rxa5 Ng6 64. Ra8 Rd8 65.
Ra7+ Rd7 66. Ra8 Nf4 67. Bc6 Rd2 68. Ra7+ Ke6 69. Bb5 Nd3+ 70. Kc6 Nb4+ 71. Kc5
Nd3+ 72. Kc6 Rc2+ 73. Kb6 Nc5 74. Rc7 g4 75. Rxc5 Rxc5 76. Kxc5 f5 77. exf5+
Kxf5 78. Kd5 e4 79. Bd7+ Kf4 80. Bxg4 Kxg4 81. Kxe4 1/2-1/2